Country Hangman Quiz Stats

Quiz Updated Aug 23, 2012

Also try: Movie Hangman
Challenge
Share
Tweet
DIRECTIONS: Type one of the codes in the left column to guess that letter (e.g. to guess Q for the 6-letter country, type Q6). If the letter appears in the country's name, you will see where it appears. If it doesn't, it's counted as wrong. When you know the country, type it and you will get the remaining letters for that country!
Score 0/108 Timer 04:00
1 Play Today
Letters Country/Guesses % Correct
A6???
92.6%
E5???
91%
I5???
89.4%
C5???
88.6%
A7???
87.6%
L5???
86.7%
H5???
86.5%
I6???
85.1%
B6???
84.4%
M6???
83.4%
★ 5 LETTERS ★???
83.2%
X5???
82%
A8???
81.8%
V5???
80.5%
Z5???
80.5%
Q5???
80.3%
J5???
79.9%
W5???
79.1%
U7???
78.9%
K5???
78.8%
Y5???
78.7%
N7???
78.4%
R7???
78.1%
Z6???
77.3%
F5???
76.5%
I8???
75.6%
★ 6 LETTERS ★???
75.5%
G7???
75.3%
P5???
75.1%
G5???
75%
Y7???
73.8%
H7???
73%
O8???
72.9%
S8???
72.8%
U5???
72.2%
D5???
72.2%
Letters Country/Guesses % Correct
X6???
70.9%
L8???
70.6%
★ 7 LETTERS ★???
70.6%
M5???
70.4%
Q6???
69.4%
X7???
68.5%
K8???
68.1%
V8???
67.8%
Q7???
67.3%
Z7???
66.6%
B5???
66.2%
★ 8 LETTERS ★???
65.6%
Y6???
65.5%
V7???
65.4%
V6???
65%
J7???
64.7%
O5???
64.4%
J6???
64.1%
X8???
63.2%
R5???
62.8%
W6???
62.7%
K6???
62.5%
W7???
62.2%
N5???
62.2%
Q8???
62.1%
Z8???
61.9%
K7???
61.6%
T5???
61%
U6???
60.9%
F6???
59.1%
W8???
59%
S5???
58.8%
Y8???
58.7%
J8???
58.4%
H6???
56.6%
P7???
55.9%
Letters Country/Guesses % Correct
F7???
55.7%
O6???
54.9%
F8???
54.7%
P6???
54.3%
P8???
53.7%
G8???
52.3%
H8???
51%
D6???
50.9%
B8???
49.5%
D8???
49.4%
G6???
49.3%
B7???
48.3%
C8???
47.9%
C6???
47.7%
M7???
47.2%
U8???
46.9%
C7???
46.7%
L7???
46.6%
D7???
45.1%
M8???
44.4%
L6???
43%
R6???
42.4%
T6???
39.8%
S6???
39.3%
E6???
39.3%
N6???
38.8%
R8???
37%
T7???
36.7%
N8???
36.4%
T8???
36.2%
S7???
35.5%
A5???
30%
O7???
26.8%
E8???
25.8%
I7???
23.6%
E7???
19%

You're not logged in!

Compare scores with friends on all Sporcle quizzes.
Join for Free
OR
Log In

You Might Also Like...

Show Comments

Extras

Top Quizzes Today


Score Distribution

Your Account Isn't Verified!

In order to create a playlist on Sporcle, you need to verify the email address you used during registration. Go to your Sporcle Settings to finish the process.

Report this User

Report this user for behavior that violates our Community Guidelines.

Details: